书目信息 |
| 题名: |
浅层地热能与清洁供暖
|
|
| 作者: | 关成华 , 赵峥 , 刘杨 编 | |
| 分册: | ||
| 出版信息: | 北京 科学技术文献出版社 2021.02 |
|
| 页数: | 123页 | |
| 开本: | 24cm | |
| 丛书名: | ||
| 单 册: | ||
| 中图分类: | TK52-49 , TK529-49 | |
| 科图分类: | ||
| 主题词: | 地热能--di re neng--普及读物 , 地热利用--di re li yong--普及读物 | |
| 电子资源: | ||
| ISBN: | 978-7-5189-6151-1 | |
| 000 | 01327nam0 2200337 450 | |
| 001 | 202021194911 | |
| 005 | 20211025120148.0 | |
| 010 | @a978-7-5189-6151-1@dCNY36.00 | |
| 092 | @aCN@bRt970-0782 | |
| 100 | @a20211006d2021 em y0chiy50 ea | |
| 101 | 0 | @achi |
| 102 | @aCN@b110000 | |
| 105 | @aak a 000yy | |
| 106 | @ar | |
| 200 | 1 | @a浅层地热能与清洁供暖@Aqian ceng di re neng yu qing jie gong nuan@e国际经验、中国实践与发展路径@f关成华, 赵峥, 刘杨等编 |
| 210 | @a北京@c科学技术文献出版社@d2021.02 | |
| 215 | @a123页@c图@d24cm | |
| 320 | @a有书目 (第121-123页) | |
| 330 | @a本书旨在以科普的方式对于地热能和浅层地热能的概念综述、地热能利用的国际实践以及地热供暖的通用技术等进行介绍, 以提高社会认知度, 同时总结浅层地热供暖的主要优点, 梳理浅层地热能供暖的应用场景, 分析当前面临的问题, 并针对相关领域的未来发展提出一些推动措施。 | |
| 517 | 1 | @a国际经验、中国实践与发展路径@Aguo ji jing yan 、 zhong guo shi jian yu fa zhan lu jing |
| 606 | 0 | @a地热能@Adi re neng@j普及读物 |
| 606 | 0 | @a地热利用@Adi re li yong@j普及读物 |
| 690 | @aTK52-49@v5 | |
| 690 | @aTK529-49@v5 | |
| 701 | 0 | @a关成华@Aguan cheng hua@4编 |
| 701 | 0 | @a赵峥@Azhao zheng@4编 |
| 701 | 0 | @a刘杨@Aliu yang@4编 |
| 801 | 0 | @aCN@c20210909 |
| 901 | @a科学技术文献出版社 | |
| 905 | @a河南城建学院图书馆@dTK52-49@eG540 | |
| 997 | @a期货 | |
| 浅层地热能与清洁供暖:国际经验、中国实践与发展路径/关成华, 赵峥, 刘杨等编.-北京:科学技术文献出版社,2021.02 |
| 123页:图;24cm |
| ISBN 978-7-5189-6151-1:CNY36.00 |
| 本书旨在以科普的方式对于地热能和浅层地热能的概念综述、地热能利用的国际实践以及地热供暖的通用技术等进行介绍, 以提高社会认知度, 同时总结浅层地热供暖的主要优点, 梳理浅层地热能供暖的应用场景, 分析当前面临的问题, 并针对相关领域的未来发展提出一些推动措施。 |
| ● |
| 相关链接 |
|
|
|
正题名:浅层地热能与清洁供暖
索取号:TK52-49/G540
 
预约/预借
| 序号 | 登录号 | 条形码 | 馆藏地/架位号 | 状态 | 备注 |
| 1 | 1544311 | 215443116 | 自科库501/501自科库 136排7列4层/ [索取号:TK52-49/G540] | 在馆 | |
| 2 | 1544312 | 215443125 | 自科库501/501自科库 136排7列4层/ [索取号:TK52-49/G540] | 在馆 |